Vivir en el pasado (Registro nro. 11549)

Detalles MARC
000 -LEADER
fixed length control field 01291cam a22002893a 4500
001 - CONTROL NUMBER
control field 0000718
003 - CONTROL NUMBER IDENTIFIER
control field DO-SdBNP
005 - DATE AND TIME OF LATEST TRANSACTION
control field 20161012110233.0
007 - PHYSICAL DESCRIPTION FIXED FIELD--GENERAL INFORMATION
fixed length control field 0000718
008 - FIXED-LENGTH DATA ELEMENTS--GENERAL INFORMATION
fixed length control field 861112 1994 sp ac 000 0 spa d
010 ## - LIBRARY OF CONGRESS CONTROL NUMBER
LC control number
020 ## - INTERNATIONAL STANDARD BOOK NUMBER
International Standard Book Number 8401315093
040 ## - CATALOGING SOURCE
Original cataloging agency BPMSU
Transcribing agency spa
Modifying agency BPMSU
--
240 ## - UNIFORM TITLE
Uniform title <a href="People in the past /">People in the past /</a>
245 00 - TITLE STATEMENT
Title Vivir en el pasado
Remainder of title enciclopedia ilustrada /
Statement of responsibility, etc. traductor Josep Sala Barbany
260 ## - PUBLICATION, DISTRIBUTION, ETC. (IMPRINT)
Place of publication, distribution, etc. Barcelona :
Name of publisher, distributor, etc. Plaza & Janés editores,
Date of publication, distribution, etc. 1994.
300 ## - PHYSICAL DESCRIPTION
Extent 49 p. :
Other physical details il., retrato
Dimensions 31 cm.
490 ## - SERIES STATEMENT
Series statement Plaza joven
500 ## - GENERAL NOTE
General note Incluye Glosario.
500 ## - GENERAL NOTE
General note Incluye índice.
505 2# - FORMATTED CONTENTS NOTE
Title Cazadores y recolectores --
-- Los primeros granjeros --
-- Los grandes inventores --
-- Los egipcios --
-- Las ganas de vencer --
-- La vida en la antigua Roma --
-- Comida del nuevo mundo --
-- Invasores del mar --
-- Las cruzadas --
-- Marco Polo --
-- El renacimiento --
-- El código del guerrero --
-- Recién llegados a una nueva tierra --
-- El reino del oro --
-- Catalina La Grande --
-- La revolución --
-- Las riquezas de la industria --
-- Los pioneros --
-- La guerra civil Norteamericana --
-- En la escuela --
-- Glosario e índice --
600 00 - SUBJECT ADDED ENTRY--PERSONAL NAME
Personal name
General subdivision
700 12 - ADDED ENTRY--PERSONAL NAME
Personal name Sala Barbany, Josep
Relator term trad.
830 ## - SERIES ADDED ENTRY--UNIFORM TITLE
Uniform title Plaza joven
942 ## - ADDED ENTRY ELEMENTS (KOHA)
Source of classification or shelving scheme Dewey Decimal Classification
Koha item type Libros
956 ## - LOCAL ELECTRONIC LOCATION AND ACCESS (OCLC)
Access method YLOCKWARD
Materials specified 10
Field link and sequence number BPMSU
Existencias
Withdrawn status Lost status Source of classification or shelving scheme Damaged status Not for loan Collection code Home library Current library Date acquired Source of acquisition Total Checkouts Barcode Date last seen Price effective from Koha item type
    Dewey Decimal Classification     Colección de Referencia General Biblioteca Pública Metropolitana Salomé Ureña Biblioteca Pública Metropolitana Salomé Ureña 10/12/2016 Fundi   BPMSU16100132 10/12/2016 10/12/2016 Libros